000 00363nam a22001217a 4500
008 150521b xxu||||| |||| 00| 0 eng d
020 _a9780323028394
041 0 _aeng
080 _a618.2
245 1 0 _aClinical nursing skills & techniques /
246 3 _aClinical nursing skills and techniques
942 _2udc
_cBK
999 _c888
_d888